000 00542nam a2200145Ia 4500
008 230907s9999||||xx |||||||||||||| ||und||
082 _a621.3
_bBIL
100 _aBilal Asghar Farooqi (00000202977)
_9116467
245 0 _aUtilizing Machine Learning to Evaluate the Impact of Policy Shift for Scheduling Mechanism of IPPs to Mitigate Power and Economic Deficit /
260 _aUSPCAS-E, NUST,
_bIslamabad :
_c2019
520 _aTH-168
650 _aMS-EEP Thesis MS Thesis
700 _aDr Syed Ali Abbas Kazmi
_9117439
942 _cTHE
_2ddc
999 _c601847
_d601847